Universalist hopes in India and Europe : (Record no. 104536)

MARC details
000 -LEADER
fixed length control field 00714nam a22002057a 4500
005 - DATE AND TIME OF LATEST TRANSACTION
control field 20161108151911.0
010 ## - LCCN (DPL NO)
LC control number ENG-116470
020 ## - INTERNATIONAL STANDARD BOOK NUMBER
Terms of availability 1095.00
International Standard Book Number 9780199460908
020 ## - INTERNATIONAL STANDARD BOOK NUMBER
Terms of availability 1095.00
International Standard Book Number 0199460906
035 ## - SYSTEM CONTROL NUMBER
System control number EN-100002
037 ## - SOURCE OF ACQUISITION
Source of stock number/acquisition DBAD/PUB
082 ## - DEWEY DECIMAL CLASSIFICATION NUMBER
Classification number 891.4414
100 ## - MAIN ENTRY--PERSONAL NAME
Personal name Jelnikar,Ana
245 ## - TITLE STATEMENT
Title Universalist hopes in India and Europe :
Statement of responsibility, etc by Ana jelnikar
Remainder of title The world of rabindranath tagore and srecko kosovel /
260 ## - PUBLICATION, DISTRIBUTION, ETC. (IMPRINT)
Place of publication, distribution, etc New Delhi
Name of publisher, distributor, etc Oxford University Press
Date of publication, distribution, etc 2016
270 ## - ADDRESS
Address YMCA Library Building, 1 Jai Singh Road,
City New Delhi
Postal code 110001
300 ## - PHYSICAL DESCRIPTION
Extent xvii,384p.
Dimensions 22cm(Hb)
500 ## - GENERAL NOTE
General note Includes bibliographical reference and index
942 ## - ADDED ENTRY ELEMENTS (KOHA)
Source of classification or shelving scheme Dewey Decimal Classification
Item type English Books
Call number suffix KAR
Classification part 891.4414
Holdings
Withdrawn status Lost status Not for loan Collection code Home library Current library Date acquired Source of acquisition Cost, normal purchase price Full call number Barcode Copy number Cost, replacement price Koha item type
      Non-fiction Shahdara Branch Shahdara Branch 08/11/2016 DBAD/PUB 1095.00 891.4414 KAR EN-100002 1 1095.00 English Books

© Delhi Public Library
Hit Counter
free hit counter